banner-ar

شهيرات النساء فى العالم الاسلامى / (Record no. 7127)

MARC details
000 -الفاتح
حقل البيانات ثابتة الطول 00873nam a2200265Ia 4500
008 - عناصر البيانات ثابتة الطول - معلومات عامة
حقل البيانات ثابتة الطول 140319s9999 xx 000 0 ara d
020 ## - الرقم الدولى المعيارى للكتب
الرقم الدولى المعيارى للكتاب 6145895977
040 ## - مصدر الفهرسة
وكالة الفهرسة الأصلية GCL /
وكالة النسخ GCL
082 04 - رقم تصنيف ديوى العشرى
رقم التصنيف 920.72
رقم المادة ق ش
100 1# - المدخل الرئيسى - إسم شخصى
الإسم الشخصى قدرية حسين
245 10 - بيان العنوان
العنوان شهيرات النساء فى العالم الاسلامى /
بيان المسئوليه,etc قدرية حسين
250 ## - بيان الطبعة
بيان الطبعة الثانية
260 ## - PUBLICATION, DISTRIBUTION, ETC. (IMPRINT)
تاريخ النشر أو التوزيع 2004
300 ## - الوصف المادى
التعداد 311 ص ؛
أبعاد الوعاء 24 سم
650 04 - المدخل الاضافى بالموضوع-مصطلح موضوعى
مصطلح موضوعي خديجة بنت خويلد
650 04 - المدخل الاضافى بالموضوع-مصطلح موضوعى
مصطلح موضوعي شجرة الدر
650 04 - المدخل الاضافى بالموضوع-مصطلح موضوعى
مصطلح موضوعي فاطمة الزهراء
650 04 - المدخل الاضافى بالموضوع-مصطلح موضوعى
مصطلح موضوعي عائشة بنت ابو بكر
650 04 - المدخل الاضافى بالموضوع-مصطلح موضوعى
مصطلح موضوعي رابعة العدوية
650 04 - المدخل الاضافى بالموضوع-مصطلح موضوعى
مصطلح موضوعي زبيدة بنت جعفر
650 04 - المدخل الاضافى بالموضوع-مصطلح موضوعى
مصطلح موضوعي العباسة اخت الرشيد
650 04 - المدخل الاضافى بالموضوع-مصطلح موضوعى
مصطلح موضوعي صبيحة ملكة قرطبة
942 ## - عناصر المدخل الإضافي( كوها)
مصدر التصنيف او مخطط الترفيف Dewey Decimal Classification
Koha [default] item type كتاب
260 ## - PUBLICATION, DISTRIBUTION, ETC. (IMPRINT)
-- القاهرة :
-- مؤسسة المرأة والذاكرة ،
Holdings
حالة التراجع حالة الفقد حالة تلف ليس للاعارة المكان المؤقت الموقع الحالى تاريخ الاكتساب اجمالي اﻻعارات رقم الطلب الباركود تاريخ اخر مشاهدة تاريخ تفعيل السعر نوع وعاء كوها
        مكتبة القاهرة الكبرى مكتبة القاهرة الكبرى 03/26/2014   920.72\ق ش 14808 03/26/2014 03/26/2014 كتاب
        مكتبة القاهرة الكبرى مكتبة القاهرة الكبرى 03/26/2014   920.72\ق ش 14809 03/26/2014 03/26/2014 كتاب

Powered By

EGPV